[Event "Special Hiver Rotation-1"]
[Site "Gatineau CAN"]
[Date "2018.02.27"]
[Round "4"]
[White "Raymond, Daniel"]
[Black "Guimond, Michel"]
[Result "0-1"]
[WhiteElo "1797"]
[BlackElo "1905"]
[PlyCount "90"]
[EventDate "2018.02.06"]
[EventType "tourn"]
[EventRounds "5"]
[EventCountry "CAN"]

1. e4 e6 2. d4 d5 3. Nd2 Nf6 4. e5 Ng8 5. Bd3 c5 6. c3 Nc6 7. Ne2 Bd7 8. O-O c4
9. Bc2 Qc7 10. f4 O-O-O 11. b4 f5 12. Nf3 h6 13. a4 a5 14. b5 Na7 15. Ba3 Bxa3
16. Rxa3 b6 17. Qe1 Be8 18. Qf2 Ne7 19. Rfa1 Ng6 20. Qg3 Nf8 21. Qh3 g6 22. Bd1
Qg7 23. Ne1 Kc7 24. Nc2 Nc8 25. Qe3 g5 26. Nb4 Ne7 27. Na6+ Kc8 28. Qg3 Rg8 29.
Kh1 Nh7 30. Qf2 Ng6 31. g3 gxf4 32. Nxf4 Nxf4 33. Qxf4 Ng5 34. Bf3 Nxf3 35.
Qxf3 Qg5 36. Qf4 Qh5 37. Nb4 Rg4 38. Qf2 f4 39. gxf4 Bg6 40. Re1 Rg8 41. Raa1
axb4 42. cxb4 Qh3 43. a5 Rg2 44. Qxg2 Be4 45. Qxe4 dxe4 0-1

[Event "Special Hiver Rotation-1"]
[Site "Gatineau CAN"]
[Date "2018.02.27"]
[Round "4"]
[White "Rioux, Jocelyn"]
[Black "Desjardins, Michel"]
[Result "0-1"]
[WhiteElo "1597"]
[BlackElo "1936"]
[PlyCount "118"]
[EventDate "2018.02.06"]
[EventType "tourn"]
[EventRounds "5"]
[EventCountry "CAN"]

1. e4 d5 2. exd5 Qxd5 3. Nc3 Qd6 4. d4 Nf6 5. Nf3 c6 6. Ne5 Nbd7 7. Nc4 Qc7 8.
Qf3 Nb6 9. Bf4 Qd7 10. Nxb6 axb6 11. O-O-O e6 12. Be5 Nd5 13. Nxd5 Qxd5 14.
Qxd5 exd5 15. Re1 Be6 16. a3 Kd7 17. h4 f6 18. Bf4 b5 19. g3 b4 20. axb4 Bxb4
21. c3 Ra1+ 22. Kd2 Rxe1 23. Kxe1 Bd6 24. Bxd6 Kxd6 25. Bh3 Ra8 26. Kd2 Bxh3
27. Rxh3 Ra1 28. Rh2 Rg1 29. Ke3 Re1+ 30. Kd2 Rb1 31. Kc2 Rg1 32. Kd2 h5 33.
Ke3 Re1+ 34. Kd2 Rb1 35. Kc2 Rg1 36. Kd2 Ke6 37. b3 b5 38. Kd3 Kf5 39. f3 Rxg3
40. Ke3 Rg1 41. Ra2 Re1+ 42. Kd2 Re6 43. Ra1 Kf4 44. Rf1 Re7 45. c4 bxc4 46.
bxc4 dxc4 47. Kc3 Re3+ 48. Kxc4 Rxf3 49. Re1 Re3 50. Rc1 g5 51. hxg5 fxg5 52.
Kc5 g4 53. Kxc6 g3 54. d5 g2 55. d6 Rd3 56. d7 h4 57. Kc7 h3 58. d8=Q Rxd8 59.
Kxd8 h2 0-1

[Event "Special Hiver Rotation-1"]
[Site "Gatineau CAN"]
[Date "2018.03.06"]
[Round "5"]
[White "Desjardins, Michel"]
[Black "Berthiaume, Serge"]
[Result "1-0"]
[WhiteElo "1936"]
[BlackElo "1454"]
[PlyCount "47"]
[EventDate "2018.02.06"]
[EventType "tourn"]
[EventRounds "5"]
[EventCountry "CAN"]

1. e4 e5 2. Nc3 Nf6 3. Bc4 Bc5 4. d3 c6 5. f4 d6 6. Nf3 b5 7. Bb3 Nbd7 8. Qe2
O-O 9. Be3 Bxe3 10. Qxe3 Re8 11. fxe5 dxe5 12. Ng5 Re7 13. O-O Qb6 14. Nd1 h6
15. Nf3 Nc5 16. a3 Be6 17. Bxe6 Nxe6 18. Rf2 Qxe3 19. Nxe3 Nd4 20. Nxd4 exd4
21. Nf5 Rd7 22. Nxh6+ gxh6 23. Rxf6 Kh7 24. Raf1 1-0

[Event "Special Hiver Rotation-1"]
[Site "Gatineau CAN"]
[Date "2018.03.06"]
[Round "5"]
[White "Guimond, Michel"]
[Black "Rioux, Jocelyn"]
[Result "1-0"]
[WhiteElo "1905"]
[BlackElo "1597"]
[PlyCount "59"]
[EventDate "2018.02.06"]
[EventType "tourn"]
[EventRounds "5"]
[EventCountry "CAN"]

1. e4 e6 2. d4 d5 3. e5 c5 4. c3 Nc6 5. Nf3 Qb6 6. Bd3 Bd7 7. O-O cxd4 8. cxd4
Nxd4 9. Nxd4 Qxd4 10. Qe2 Ne7 11. Nd2 Qb6 12. Nb3 Nc6 13. Be3 Qc7 14. f4 a6 15.
Rac1 Rc8 16. Qf2 Qb8 17. Bb6 Be7 18. Nc5 Nb4 19. Bb1 Bb5 20. Rfe1 O-O 21. f5
Rfe8 22. f6 Bxc5 23. Bxc5 Nd3 24. Qg3 g6 25. Bxd3 Bxd3 26. Qe3 Kh8 27. Qxd3 Rc6
28. Qe3 b6 29. Qh6 Rg8 30. Rc3 1-0

[Event "Special Hiver Rotation-2"]
[Site "Gatineau CAN"]
[Date "2018.02.06"]
[Round "1"]
[White "Bourbonnais, Luc"]
[Black "Lepine, Louis"]
[Result "1-0"]
[WhiteElo "1309"]
[BlackElo "1066"]
[PlyCount "81"]
[EventDate "2018.02.06"]
[EventType "tourn"]
[EventRounds "5"]
[EventCountry "CAN"]

1. e4 e5 2. Nf3 Nc6 3. Bb5 a6 4. Ba4 b5 5. Bb3 h6 6. O-O Bc5 7. Nxe5 Nxe5 8. d4
Bd6 9. dxe5 Bxe5 10. Qd5 Qf6 11. Qxa8 Ne7 12. Nc3 O-O 13. Nd5 Nxd5 14. Qxd5 c6
15. Qd1 Rd8 16. c3 Qh4 17. g3 Qxe4 18. Re1 Qf5 19. Bc2 Qf6 20. Be3 Re8 21. Bd4
d6 22. f4 c5 23. Bf2 g5 24. fxe5 Rxe5 25. Rxe5 Qxe5 26. Qe1 Qg7 27. Qe8+ Qf8
28. Re1 Be6 29. Qxf8+ Kxf8 30. Rxe6 fxe6 31. a4 b4 32. cxb4 cxb4 33. Bb6 d5 34.
Bb3 Kf7 35. Kf2 Kf6 36. Ke3 Kf5 37. h3 Ke5 38. Bc7+ Kf6 39. Kd4 h5 40. Be5+ Kf5
41. Bc2# 1-0

[Event "Special Hiver Rotation-2"]
[Site "Gatineau CAN"]
[Date "2018.02.06"]
[Round "1"]
[White "Ethier, Valori"]
[Black "Legare, Gilles"]
[Result "1-0"]
[WhiteElo "1351"]
[BlackElo "1060"]
[PlyCount "139"]
[EventDate "2018.02.06"]
[EventType "tourn"]
[EventRounds "5"]
[EventCountry "CAN"]

1. e4 c5 2. Nc3 e6 3. Nge2 Nc6 4. d3 e5 5. Nd5 d6 6. Nec3 Be6 7. g3 Nd4 8. Bg2
Qc8 9. Be3 Be7 10. Qd2 Bd8 11. a3 Bh3 12. f4 Bxg2 13. Qxg2 Qg4 14. Bxd4 exd4
15. Nb1 Nf6 16. Nxf6+ Bxf6 17. Nd2 O-O 18. Nf3 Rae8 19. O-O-O a5 20. Rhf1 b5
21. Kb1 b4 22. a4 Rb8 23. b3 Rbe8 24. Nd2 Bd8 25. Nc4 Qd7 26. Rde1 Re6 27. Qh3
d5 28. Ne5 Qe7 29. exd5 Rd6 30. Nc4 Qd7 31. Qxd7 Rxd7 32. d6 f6 33. f5 Kf7 34.
Re6 h5 35. Rfe1 Kg8 36. h3 Kh7 37. R1e4 Kh6 38. h4 g5 39. hxg5+ Kxg5 40. Rf4
Rg8 41. Nd2 Kh6 42. Ne4 Rg4 43. Nxf6 Bxf6 44. Rxf6+ Kg7 45. Rxg4+ Kxf6 46. Rf4
Rxd6 47. Kc1 Rd8 48. Kd2 Rg8 49. Rf3 Re8 50. Rf2 Re3 51. Rh2 Kxf5 52. Rxh5+ Kg4
53. Rxc5 Kf3 54. Rc4 Re2+ 55. Kc1 Ke3 56. Rc5 Re1+ 57. Kb2 Kd2 58. Rxa5 Rg1 59.
Rd5 Ke3 60. Rb5 Rxg3 61. Rxb4 Rg8 62. Rc4 Rg2 63. a5 Rg5 64. b4 Rb5 65. Kb3 Rf5
66. a6 Rf8 67. b5 Rb8 68. Kb4 Kd2 69. Ka5 Re8 70. a7 1-0

[Event "Special Hiver Rotation-2"]
[Site "Gatineau CAN"]
[Date "2018.02.06"]
[Round "1"]
[White "Traversy, Pierre"]
[Black "Simard, Paul"]
[Result "1-0"]
[WhiteElo "1214"]
[BlackElo "1179"]
[PlyCount "129"]
[EventDate "2018.02.06"]
[EventType "tourn"]
[EventRounds "5"]
[EventCountry "CAN"]

1. d4 d5 2. c4 dxc4 3. Nc3 Nf6 4. e4 e6 5. Bg5 Be7 6. Bxc4 O-O 7. Nf3 Nc6 8.
Bxf6 Bxf6 9. e5 Be7 10. a3 a5 11. O-O b6 12. Re1 h6 13. Bd3 Nxd4 14. Be4 Nxf3+
15. Qxf3 Rb8 16. Rad1 Qe8 17. Bc6 Bb7 18. Bxb7 Bc5 19. Bc6 Qe7 20. Rd7 Qg5 21.
h4 Qxh4 22. Re4 Qg5 23. Qf4 Qxf4 24. Rxf4 Rbd8 25. Rd1 Rxd1+ 26. Nxd1 Rd8 27.
Nc3 Rd2 28. Na4 Bd4 29. Be8 Rd1+ 30. Kh2 Bxe5 31. Bxf7+ Kh8 32. g3 Bxf4 33.
gxf4 Rd4 34. Nc3 Rxf4 35. Bxe6 Rxf2+ 36. Kg3 Rxb2 37. Na2 g5 38. Kg4 Kg7 39. a4
Rg2+ 40. Kf3 Rd2 41. Nc1 h5 42. Ke3 Rd1 43. Ne2 Ra1 44. Bd7 g4 45. Kf4 Kf6 46.
Ng3 Rf1+ 47. Nxf1 c5 48. Bb5 Ke6 49. Ne3 Kd6 50. Kg5 g3 51. Kxh5 Ke5 52. Kg4
Kd4 53. Nf5+ Kc3 54. Kxg3 c4 55. Nd6 Kb4 56. Nxc4 Kc5 57. Kf4 Kd4 58. Nxb6 Kc5
59. Nc4 Kb4 60. Ke5 Kc5 61. Nxa5 Kb4 62. Nb7 Ka3 63. Kd5 Kb4 64. Kc6 Ka3 65. a5
1-0

[Event "Special Hiver Rotation-2"]
[Site "Gatineau CAN"]
[Date "2018.02.13"]
[Round "2"]
[White "Ethier, Valori"]
[Black "Bourbonnais, Luc"]
[Result "1/2-1/2"]
[WhiteElo "1351"]
[BlackElo "1309"]
[PlyCount "107"]
[EventDate "2018.02.06"]
[EventType "tourn"]
[EventRounds "5"]
[EventCountry "CAN"]

1. e4 d6 2. d4 Nf6 3. Nc3 Nbd7 4. e5 dxe5 5. dxe5 Nxe5 6. Qxd8+ Kxd8 7. Bf4 Ng6
8. O-O-O+ Bd7 9. Be3 Ng4 10. Rd3 N6e5 11. Rd2 Nxe3 12. fxe3 e6 13. Nf3 Nxf3 14.
gxf3 Bc5 15. Rd3 Ke7 16. Rg1 g6 17. a3 Bc6 18. Be2 Rad8 19. Rgd1 Rxd3 20. Rxd3
Rd8 21. Rxd8 Bxe3+ 22. Rd2 Bxd2+ 23. Kxd2 g5 24. Ke3 a5 25. Bd3 h6 26. Be4 f5
27. Bxc6 bxc6 28. f4 Kf6 29. Ne2 e5 30. fxe5+ Kxe5 31. c4 c5 32. h3 a4 33. Kf3
h5 34. Ke3 f4+ 35. Kf3 g4+ 36. hxg4 hxg4+ 37. Kxg4 Ke4 38. Nc3+ Kd4 39. Kxf4
Kxc4 40. Ke4 Kb3 41. Nd1 Kc2 42. Ne3+ Kxb2 43. Nc4+ Kc3 44. Kd5 Kb3 45. Kxc5
Kc3 46. Na5 Kd3 47. Kb4 Kd4 48. Nb7 Kd5 49. Nc5 Kc6 50. Nxa4 Kb7 51. Kb5 c6+
52. Kc5 Ka6 53. Kxc6 Ka5 54. Nc5 1/2-1/2

[Event "Special Hiver Rotation-2"]
[Site "Gatineau CAN"]
[Date "2018.02.13"]
[Round "2"]
[White "Legare, Gilles"]
[Black "Simard, Paul"]
[Result "0-1"]
[WhiteElo "1060"]
[BlackElo "1179"]
[PlyCount "84"]
[EventDate "2018.02.06"]
[EventType "tourn"]
[EventRounds "5"]
[EventCountry "CAN"]

1. e4 e5 2. Nc3 d6 3. Nf3 Nd7 4. d4 Ngf6 5. d5 Be7 6. Bg5 h6 7. Be3 O-O 8. Nh4
c6 9. Bd3 cxd5 10. exd5 Nxd5 11. Nf5 Nxe3 12. Nxe3 Nc5 13. Bf5 Ne6 14. Ned5 Nd4
15. Be4 Bg5 16. O-O f5 17. Bd3 e4 18. Bc4 Be6 19. Qxd4 Rc8 20. b3 Bf6 21. Nxf6+
Rxf6 22. Bxe6+ Rxe6 23. Qd5 Qe7 24. Ne2 Rc5 25. Qd1 Qg5 26. c4 f4 27. Nd4 Rf6
28. a4 f3 29. g3 Qg4 30. Kh1 Qh3 31. Rg1 Rh5 32. Nxf3 exf3 33. Qd5+ Rxd5 34.
cxd5 Rf5 35. g4 Rf4 36. Rg3 Qh4 37. Rag1 Qg5 38. h3 Qxd5 39. h4 Qd2 40. Rf1 Qe2
41. Rgg1 Qe7 42. g5 Rxh4# 0-1

[Event "Special Hiver Rotation-2"]
[Site "Gatineau CAN"]
[Date "2018.02.13"]
[Round "2"]
[White "Lepine, Louis"]
[Black "Traversy, Pierre"]
[Result "0-1"]
[WhiteElo "1066"]
[BlackElo "1214"]
[PlyCount "74"]
[EventDate "2018.02.06"]
[EventType "tourn"]
[EventRounds "5"]
[EventCountry "CAN"]

1. d4 d5 2. Nc3 Nf6 3. Bf4 c6 4. e3 Nbd7 5. Bd3 e6 6. a3 Be7 7. Nge2 Nf8 8. O-O
Bd6 9. Re1 Nh5 10. g3 Nxf4 11. Nxf4 Bxf4 12. exf4 b5 13. b4 Qf6 14. Ne2 Nd7 15.
c3 O-O 16. Qc2 h6 17. f5 e5 18. f4 e4 19. Bxe4 dxe4 20. g4 Nb6 21. Kg2 Nc4 22.
Ng3 e3 23. Nh5 Qd6 24. Kg3 Re8 25. Rh1 Qd5 26. Rae1 Nd2 27. Rhf1 Ne4+ 28. Kh4
Nd2 29. f6 g6 30. Rg1 Nf3+ 31. Kg3 Nxe1 32. Ng7 Qf3+ 33. Kh4 Re4 34. Rg3 Qxf4
35. Qe2 g5+ 36. Kh5 Qxf6 37. Qxe1 Qg6# 0-1

[Event "Special Hiver Rotation-2"]
[Site "Gatineau CAN"]
[Date "2018.03.01"]
[Round "3"]
[White "Bourbonnais, Luc"]
[Black "Legare, Gilles"]
[Result "1-0"]
[WhiteElo "1309"]
[BlackElo "1060"]
[PlyCount "63"]
[EventDate "2018.02.06"]
[EventType "tourn"]
[EventRounds "5"]
[EventCountry "CAN"]

1. e4 c5 2. Nf3 Nc6 3. g3 d6 4. d3 Bg4 5. Bg2 e5 6. O-O Qc8 7. Nc3 Nd4 8. Nd5
Be7 9. c3 Nc6 10. Qa4 Bd7 11. Qc2 Nf6 12. Ne3 O-O 13. Nh4 Bh3 14. Bd2 Bxg2 15.
Kxg2 Ng4 16. Nf3 Qd8 17. Nxg4 h5 18. Ne3 h4 19. Nd5 Bf6 20. Nxf6+ Qxf6 21. Bg5
h3+ 22. Kxh3 Qxf3 23. Qd1 Qxd1 24. Raxd1 f6 25. Be3 Kf7 26. Kg2 Rh8 27. h4 b6
28. Rh1 Ne7 29. d4 Ke6 30. dxe5 fxe5 31. f4 Ng6 32. f5+ 1-0

[Event "Special Hiver Rotation-2"]
[Site "Gatineau CAN"]
[Date "2018.02.20"]
[Round "3"]
[White "Simard, Paul"]
[Black "Lepine, Louis"]
[Result "1-0"]
[WhiteElo "1179"]
[BlackElo "1066"]
[PlyCount "57"]
[EventDate "2018.02.06"]
[EventType "tourn"]
[EventRounds "5"]
[EventCountry "CAN"]

1. d4 d5 2. c4 Nf6 3. Nf3 Ne4 4. Nc3 e6 5. Bf4 g5 6. Nxe4 dxe4 7. Nxg5 Bh6 8.
Nxf7 Kxf7 9. Bxh6 Kg6 10. Bf4 Nc6 11. e3 Rf8 12. Qc2 Rf5 13. Qxe4 Qe7 14. a3 e5
15. g4 exf4 16. gxf5+ Bxf5 17. Qxe7 Nxe7 18. exf4 Rg8 19. O-O-O Bg4 20. Re1 Kf6
21. c5 Bf3 22. Bc4 b5 23. Bxg8 Bxh1 24. Rxh1 Nxg8 25. Re1 Kf5 26. Re8 Nf6 27.
Re7 Nd5 28. Re5+ Kxf4 29. Rxd5 1-0

[Event "Special Hiver Rotation-2"]
[Site "Gatineau CAN"]
[Date "2018.02.20"]
[Round "3"]
[White "Traversy, Pierre"]
[Black "Ethier, Valori"]
[Result "0-1"]
[WhiteElo "1214"]
[BlackElo "1351"]
[PlyCount "122"]
[EventDate "2018.02.06"]
[EventType "tourn"]
[EventRounds "5"]
[EventCountry "CAN"]

1. d4 d5 2. Nf3 Nf6 3. c4 c6 4. c5 a5 5. Nc3 b6 6. Na4 bxc5 7. Nxc5 Nbd7 8.
Nxd7 Bxd7 9. b3 e6 10. e3 c5 11. Bb2 cxd4 12. Qxd4 Bb4+ 13. Bc3 Bxc3+ 14. Qxc3
Rc8 15. Qe5 O-O 16. Bd3 Re8 17. h3 Re7 18. O-O Be8 19. Rac1 Rec7 20. Rxc7 Rxc7
21. Nd4 Nd7 22. Qh5 Nf6 23. Qe2 Qc8 24. a4 e5 25. Ba6 Qb8 26. Bb5 exd4 27. exd4
Bxb5 28. axb5 Ne4 29. g3 h6 30. Kh2 Nc3 31. Qd3 Qxb5 32. Qxb5 Nxb5 33. Ra1 Nxd4
34. Rxa5 Rd7 35. Kg2 Nxb3 36. Rb5 Nd4 37. Rc5 Ne6 38. Rc1 d4 39. Kf3 Ng5+ 40.
Kg2 Ne4 41. f3 Nc3 42. Kf2 Kf8 43. Ke1 Ke7 44. Kd2 Kf6 45. Re1 Kf5 46. Kd3 g5
47. Ra1 Rd5 48. Ra7 f6 49. Rc7 h5 50. Rb7 Nd1 51. Rb4 Nf2+ 52. Kc4 Ke5 53. h4
Nd1 54. Rb7 Ne3+ 55. Kd3 Nf5 56. Rh7 Nxg3 57. Kc4 Rd6 58. Kd3 Kf4 59. Rc7 gxh4
60. Rc2 Kxf3 61. Rh2 Kg4 0-1

[Event "Special Hiver Rotation-2"]
[Site "Gatineau CAN"]
[Date "2018.02.27"]
[Round "4"]
[White "Bourbonnais, Luc"]
[Black "Traversy, Pierre"]
[Result "1-0"]
[WhiteElo "1309"]
[BlackElo "1214"]
[PlyCount "133"]
[EventDate "2018.02.06"]
[EventType "tourn"]
[EventRounds "5"]
[EventCountry "CAN"]

1. e4 e6 2. d3 d6 3. Nf3 e5 4. d4 Nc6 5. d5 Nce7 6. c4 c5 7. Nc3 Nf6 8. h3 h6
9. Bd3 Bd7 10. Nh4 g6 11. Nf3 b6 12. a4 Nc8 13. Rb1 Bg7 14. b4 h5 15. bxc5 bxc5
16. O-O Qc7 17. Be3 a6 18. Rb2 Ke7 19. Qd2 Rb8 20. Rxb8 Qxb8 21. Rb1 Qc7 22.
Kf1 Nb6 23. a5 Na8 24. Qa2 Rb8 25. Rxb8 Qxb8 26. Bg5 Nc7 27. Bc2 Kf8 28. Ba4
Ke7 29. Nd2 Ke8 30. Bxf6 Bxf6 31. Bxd7+ Kxd7 32. Na4 Ke8 33. Nb6 Qd8 34. Qa4+
Kf8 35. Nb1 Kg7 36. Qc6 Bg5 37. Nd7 Be7 38. Nc3 h4 39. Na4 f6 40. Nab6 Kf7 41.
Qa4 Qh8 42. Kg1 Qd8 43. Qd1 Qh8 44. Qa4 g5 45. Qc6 Qd8 46. Qb7 Ne8 47. Qxa6 Nc7
48. Qb7 Ne8 49. a6 Qc7 50. Qxc7 Nxc7 51. a7 Ke8 52. Nb8 Kd8 53. Nc6+ Ke8 54.
a8=Q+ Nxa8 55. Nxa8 Bd8 56. Nxd8 Kxd8 57. Nb6 Kc7 58. Na4 Kb7 59. Kf1 Ka6 60.
Nc3 Kb7 61. Ke2 Kc7 62. Kf3 Kd7 63. Nb5 Ke7 64. Kg4 Kf7 65. Nxd6+ Ke7 66. Nb5
Kf7 67. Kf5 1-0

[Event "Special Hiver Rotation-2"]
[Site "Gatineau CAN"]
[Date "2018.02.27"]
[Round "4"]
[White "Ethier, Valori"]
[Black "Simard, Paul"]
[Result "0-1"]
[WhiteElo "1351"]
[BlackElo "1179"]
[PlyCount "80"]
[EventDate "2018.02.06"]
[EventType "tourn"]
[EventRounds "5"]
[EventCountry "CAN"]

1. e4 e5 2. Bc4 Nf6 3. d3 Be7 4. f4 d6 5. Nf3 Nbd7 6. Nc3 O-O 7. O-O c6 8. a3
b5 9. Ba2 h6 10. Qe1 Nh5 11. f5 Nhf6 12. Kh1 Bb7 13. Qg3 Kh8 14. Qh3 Nh7 15.
Be3 Ng5 16. Qg3 Nxf3 17. Rxf3 Bg5 18. Re1 Bh4 19. Qh3 Bxe1 20. Bxh6 Qh4 21. Bg5
Qxh3 22. Rxh3+ Kg8 23. Nd1 Nf6 24. b4 d5 25. Re3 Bd2 26. Rg3 Bxg5 27. Rxg5 dxe4
28. dxe4 Nxe4 29. Rg6 Rad8 30. Ne3 Nc3 31. Bb3 Nd5 32. Ng4 fxg6 33. Nxe5 Rxf5
34. Kg1 Rxe5 35. c4 Rf8 36. h3 bxc4 37. Bxc4 Kh7 38. b5 cxb5 39. Bxb5 Nc3 40.
Bd7 Ra5 0-1

[Event "Special Hiver Rotation-2"]
[Site "Gatineau CAN"]
[Date "2018.02.27"]
[Round "4"]
[White "Legare, Gilles"]
[Black "Lepine, Louis"]
[Result "1-0"]
[WhiteElo "1060"]
[BlackElo "1066"]
[PlyCount "95"]
[EventDate "2018.02.06"]
[EventType "tourn"]
[EventRounds "5"]
[EventCountry "CAN"]

1. e4 e5 2. Nf3 Nc6 3. Nc3 Bc5 4. Bc4 h6 5. O-O Nf6 6. a3 O-O 7. b4 Bb6 8. b5
Na5 9. Ba2 d6 10. d3 c5 11. Nd5 a6 12. a4 Bd7 13. c4 Nxd5 14. cxd5 axb5 15.
axb5 Bxb5 16. Qc2 Qf6 17. Be3 Bd7 18. Qb2 Ra6 19. Kh1 Bd8 20. Bc4 Rb6 21. Qa3
Rb4 22. Qc3 b6 23. Qe1 b5 24. Bd2 Ra4 25. Rxa4 bxa4 26. Bxa5 Bh3 27. Ng1 Bg4
28. f3 Bd7 29. Bxd8 Rxd8 30. Qa5 g5 31. Qe1 Qg7 32. Qa5 Qf8 33. Ne2 f5 34. Ng3
f4 35. Nf5 Ra8 36. Nxh6+ Kh7 37. Qc7 Qxh6 38. Qxd7+ Qg7 39. Qxd6 Rh8 40. Qxc5
Qf6 41. d6 Kg6 42. d7 g4 43. Qd5 g3 44. h3 Rd8 45. Ra1 Qe7 46. Qe6+ Qxe6 47.
Bxe6 Kf6 48. Bf5 1-0

[Event "Special Hiver Rotation-2"]
[Site "Gatineau CAN"]
[Date "2018.03.06"]
[Round "5"]
[White "Simard, Paul"]
[Black "Bourbonnais, Luc"]
[Result "0-1"]
[WhiteElo "1179"]
[BlackElo "1309"]
[PlyCount "114"]
[EventDate "2018.02.06"]
[EventType "tourn"]
[EventRounds "5"]
[EventCountry "CAN"]

1. d4 Nf6 2. c4 c5 3. Nf3 d6 4. Nc3 Bg4 5. dxc5 Bxf3 6. exf3 dxc5 7. Qxd8+ Kxd8
8. Bd3 e6 9. O-O Nc6 10. a3 Bd6 11. Be3 a6 12. Rad1 Ke7 13. Bg5 h6 14. Bxf6+
gxf6 15. Ne4 Nd4 16. Nxd6 Kxd6 17. Be4 Rab8 18. b4 b6 19. Rfe1 Ke7 20. f4 f5
21. Bb1 Rhg8 22. Re3 h5 23. Kf1 h4 24. Rh3 Rh8 25. Re1 Rbd8 26. Re5 Kf6 27.
bxc5 bxc5 28. Ree3 Rb8 29. Re1 Rb3 30. Rxb3 Nxb3 31. Bc2 Nd4 32. Bd3 Rb8 33. a4
Rb3 34. Be2 Rb2 35. Bd3 Ra2 36. h3 Rxa4 37. Rc1 Ra3 38. Be2 a5 39. g3 hxg3 40.
fxg3 Rxg3 41. Ra1 Rxh3 42. Rxa5 Rh4 43. Kf2 Rh2+ 44. Kg3 Rxe2 45. Rxc5 Re3+ 46.
Kf2 Rf3+ 47. Kg2 Rxf4 48. Rc8 Rg4+ 49. Kh3 Kg5 50. Rg8+ Kf4 51. Rxg4+ fxg4+ 52.
Kg2 f5 53. c5 Ke3 54. Kg3 f4+ 55. Kxg4 f3 56. Kg3 f2 57. Kg2 Ke2 0-1

[Event "Special Hiver Rotation-2"]
[Site "Gatineau CAN"]
[Date "2018.03.06"]
[Round "5"]
[White "Traversy, Pierre"]
[Black "Legare, Gilles"]
[Result "1-0"]
[WhiteElo "1214"]
[BlackElo "1060"]
[PlyCount "137"]
[EventDate "2018.02.06"]
[EventType "tourn"]
[EventRounds "5"]
[EventCountry "CAN"]

1. d4 Nf6 2. c4 e6 3. Nf3 c6 4. Bd2 d6 5. Nc3 Be7 6. Qc2 Bd7 7. e4 O-O 8. Be2
a5 9. a4 Na6 10. Nd1 b6 11. Bc3 c5 12. d5 e5 13. Ne3 Qc8 14. h3 Nc7 15. Nh4 Nh5
16. Nhf5 Bxf5 17. Nxf5 Bg5 18. Bxh5 g6 19. Nxd6 Qd7 20. Nb5 Rfe8 21. Bg4 Qd8
22. g3 Nxb5 23. axb5 Qd6 24. h4 Bh6 25. b3 Re7 26. h5 Kg7 27. Bd2 g5 28. Bf5
Kh8 29. Qc1 Rg8 30. g4 Bg7 31. Bxg5 h6 32. Bxe7 Qxe7 33. Rg1 Qh4 34. Qe3 Qd8
35. Rg3 Qd6 36. Qf3 Qf6 37. Ke2 Qh4 38. Rh1 Qg5 39. Qe3 Bf6 40. Qxg5 Bxg5 41.
Rf3 Rf8 42. Rd1 Ra8 43. Ra1 Rd8 44. Rd3 Rd6 45. Rf3 Kg7 46. Bc8 Kf8 47. Rf5 f6
48. Rd1 Ke7 49. Be6 Rd8 50. Kf3 Ra8 51. Ra1 Rd8 52. Kg3 Kd6 53. f4 exf4+ 54.
Rxf4 Ke5 55. Rf5+ Kxe4 56. Rf3 Ke5 57. Re1+ Kd6 58. Bf7 Kc7 59. Re6 Rb8 60. Rd3
Rd8 61. Rc6+ Kb7 62. d6 Rd7 63. Be6 Rd8 64. Rc7+ Ka8 65. Rd7 Re8 66. Re7 Rf8
67. d7 Rd8 68. Re8 f5 69. Bxf5 1-0

[Event "Special Hiver Suisse"]
[Site "Gatineau CAN"]
[Date "2018.02.06"]
[Round "1"]
[White "Akrib, Fouad"]
[Black "Gareau, Charles"]
[Result "1-0"]
[WhiteElo "1940"]
[BlackElo "1229"]
[PlyCount "57"]
[EventDate "2018.02.06"]
[EventType "swiss"]
[EventRounds "5"]
[EventCountry "CAN"]

1. e4 c5 2. Nf3 e6 3. g3 Nf6 4. d3 Nc6 5. Bg2 h6 6. h4 Be7 7. O-O b6 8. Re1 Qc7
9. Bf4 d6 10. Na3 a6 11. c3 e5 12. Bc1 O-O 13. Nc4 b5 14. Ne3 Be6 15. Nh2 Rad8
16. g4 d5 17. g5 hxg5 18. hxg5 Nh7 19. exd5 Bxg5 20. dxe6 f6 21. Bxc6 Qxc6 22.
e7 c4 23. d4 Bf4 24. exf8=Q+ Kxf8 25. Qh5 Ng5 26. d5 Rxd5 27. Nxd5 Qxd5 28.
Bxf4 exf4 29. Re8# 1-0

[Event "Special Hiver Suisse"]
[Site "Gatineau CAN"]
[Date "2018.02.06"]
[Round "1"]
[White "Arcand, Pierre"]
[Black "Solunac, Sasha"]
[Result "0-1"]
[WhiteElo "1187"]
[BlackElo "1903"]
[PlyCount "98"]
[EventDate "2018.02.06"]
[EventType "swiss"]
[EventRounds "5"]
[EventCountry "CAN"]

1. e4 e6 2. Nf3 d5 3. exd5 exd5 4. d4 Bd6 5. Nc3 c6 6. Bd3 Ne7 7. O-O h6 8. b3
Be6 9. Re1 Nd7 10. Ne5 Qc7 11. g3 Nxe5 12. dxe5 Bxe5 13. Bd2 O-O-O 14. Qe2 Bd6
15. Be3 Kb8 16. Bd4 Rdg8 17. Qe3 c5 18. Be5 d4 19. Bxd6 Qxd6 20. Nb5 dxe3 21.
Nxd6 exf2+ 22. Kxf2 Nc6 23. Re3 Rd8 24. Ne4 b6 25. Rd1 Ne5 26. Be2 Rxd1 27.
Bxd1 Rd8 28. Nc3 Rxd1 29. Nxd1 Ng4+ 30. Kf3 Nxe3 31. Nxe3 Kc7 32. Ke4 Kd6 33.
c3 b5 34. Nf5+ Bxf5+ 35. Kxf5 Kd5 36. Kf4 c4 37. b4 g6 38. h4 Ke6 39. g4 f5 40.
g5 h5 41. a3 a6 42. Ke3 Ke5 43. Kf3 f4 44. Kf2 Ke4 45. Ke2 f3+ 46. Kd2 Kf4 47.
Ke1 Kg3 48. Kf1 Kxh4 49. Kf2 Kg4 0-1

[Event "Special Hiver Suisse"]
[Site "Gatineau CAN"]
[Date "2018.02.06"]
[Round "1"]
[White "Celac, Ekaterina"]
[Black "Solunac, Stephen"]
[Result "0-1"]
[WhiteElo "1059"]
[BlackElo "1749"]
[PlyCount "80"]
[EventDate "2018.02.06"]
[EventType "swiss"]
[EventRounds "5"]
[EventCountry "CAN"]

1. e4 c5 2. d3 Nc6 3. Nc3 d6 4. Nf3 Nf6 5. Bg5 Bg4 6. h3 Bxf3 7. Qxf3 Nd4 8.
Qd1 e6 9. Be3 Qa5 10. Bd2 Be7 11. a3 O-O 12. b4 Qc7 13. g3 cxb4 14. axb4 d5 15.
Bg2 Bxb4 16. O-O Bxc3 17. Bxc3 Qxc3 18. Ra2 dxe4 19. dxe4 Rfd8 20. e5 Nd5 21.
Qd3 Qxd3 22. cxd3 Nb4 23. Ra3 Ndc6 24. Rc1 Nc2 25. Rca1 Nxa1 26. Rxa1 Rxd3 27.
Be4 Rd4 28. Re1 Rad8 29. Re3 g6 30. g4 a5 31. h4 a4 32. h5 a3 33. Re1 a2 34. f3
Rd1 35. Rxd1 Rxd1+ 36. Kf2 a1=Q 37. Bxc6 Qd4+ 38. Kg2 Rd2+ 39. Kg3 Qxe5+ 40.
Kh3 Qh2# 0-1

[Event "Special Hiver Suisse"]
[Site "Gatineau CAN"]
[Date "2018.02.06"]
[Round "1"]
[White "Chen, Daniel"]
[Black "Sabourin, Yves"]
[Result "0-1"]
[WhiteElo "928"]
[BlackElo "1514"]
[PlyCount "52"]
[EventDate "2018.02.06"]
[EventType "swiss"]
[EventRounds "5"]
[EventCountry "CAN"]

1. e4 e5 2. Bc4 Nf6 3. Nc3 Nc6 4. Nf3 a6 5. Ng5 d5 6. exd5 Na5 7. Qe2 Bd6 8.
Nce4 Nxc4 9. Qxc4 Nxe4 10. Nxe4 O-O 11. d3 b5 12. Qc6 Bd7 13. Qc3 b4 14. Qc4
Be7 15. O-O f5 16. d6+ Kh8 17. dxe7 Qxe7 18. Ng5 f4 19. h4 h6 20. Nf3 Bg4 21.
Ng5 hxg5 22. hxg5 Qxg5 23. g3 Bf3 24. Re1 Qh6 25. Rxe5 Qh3 26. Bxf4 Qg2# 0-1

[Event "Special Hiver Suisse"]
[Site "Gatineau CAN"]
[Date "2018.02.06"]
[Round "1"]
[White "Gagnon, Fabien"]
[Black "Chen, Annie"]
[Result "1-0"]
[WhiteElo "1838"]
[BlackElo "1063"]
[PlyCount "53"]
[EventDate "2018.02.06"]
[EventType "swiss"]
[EventRounds "5"]
[EventCountry "CAN"]

1. e4 e5 2. Nf3 Nc6 3. Bb5 a6 4. Ba4 Nf6 5. O-O d6 6. Re1 Bg4 7. c3 b5 8. Bb3
Na5 9. Bc2 d5 10. exd5 Nxd5 11. Rxe5+ Ne7 12. d4 Nac6 13. Re1 b4 14. Bb3 Kd7
15. d5 Na5 16. Ne5+ Ke8 17. Nxg4 Kd7 18. Ne5+ Ke8 19. Ba4+ c6 20. Nxc6 Qc7 21.
Nxe7+ Kd8 22. Nc6+ Kd7 23. Qg4+ Kd6 24. Bf4+ Kc5 25. Bxc7 Nxc6 26. Bxc6 Ra7 27.
cxb4# 1-0